书目信息 |
| 题名: |
制版印刷设备
|
|
| 作者: | 唐正宁 主编 | |
| 分册: | ||
| 出版信息: | 上海 上海交通大学出版社 2008.01 |
|
| 页数: | 185页 | |
| 开本: | 26cm | |
| 丛书名: | 现代印刷工程系列教程 | |
| 单 册: | ||
| 中图分类: | TS803 | |
| 科图分类: | ||
| 主题词: | 制版设备--zhi ban she bei--高等学校--教材 , 印刷--yin shua--设备--高等学校--教材 | |
| 电子资源: | ||
| ISBN: | 978-7-313-05066-3 | |
| 000 | 00968nam 2200277 450 | |
| 001 | 012009060452 | |
| 005 | 20090624082250.28 | |
| 010 | @a978-7-313-05066-3@dCNY19.00 | |
| 100 | @a20090624d2008 em y0chi0120 ea | |
| 101 | 0 | @achi |
| 102 | @aCN@b310000 | |
| 105 | @aa a 000yy | |
| 106 | @ar | |
| 200 | 1 | @a制版印刷设备@Azhi ban yin shua she bei@f唐正宁主编@Ftang zheng ning zhu bian |
| 210 | @a上海@c上海交通大学出版社@d2008.01 | |
| 215 | @a185页@c图@d26cm | |
| 225 | 2 | @a现代印刷工程系列教程@Axian dai yin shua gong cheng xi lie jiao cheng |
| 320 | @a有书目 | |
| 330 | @a本书主要包括: 概述、印前制版设备、印刷设备、引后加工设备、典型印刷生产系统的设备配置等内容。 | |
| 410 | 0 | @12001 @a现代印刷工程系列教程 |
| 606 | 0 | @a制版设备@Azhi ban she bei@x高等学校@j教材 |
| 606 | 0 | @a印刷@Ayin shua@x设备@x高等学校@j教材 |
| 690 | @aTS803@v4 | |
| 701 | 0 | @a唐正宁@Atang zheng ning@4主编 |
| 801 | 0 | @aCN@bQSSK@c20090624 |
| 905 | @b748975-77@dTS803@eT274@f3 | |
| 制版印刷设备/唐正宁主编.-上海:上海交通大学出版社,2008.01 |
| 185页:图;26cm.-(现代印刷工程系列教程) |
| ISBN 978-7-313-05066-3:CNY19.00 |
| 本书主要包括: 概述、印前制版设备、印刷设备、引后加工设备、典型印刷生产系统的设备配置等内容。 |
| ● |
| 相关链接 |
|
|
|
正题名:制版印刷设备
索取号:TS803/T274
 
预约/预借
| 序号 | 登录号 | 条形码 | 馆藏地/架位号 | 状态 | 备注 |
| 1 | 748975 | 207489751 | 期刊室512/501自科库 43排2列1层/ [索取号:TS803/T274] | 在馆 | |
| 2 | 748976 | 207489760 | 自科库501/501自科库 43排2列1层/ [索取号:TS803/T274] | 在馆 | |
| 3 | 748977 | 207489779 | 自科库501/501自科库 43排2列1层/ [索取号:TS803/T274] | 在馆 |